El Señor Joaquín (Record no. 163921)

MARC details
000 -LEADER
campo de control de longitud fija 00948nam a22002175i 4500
001 - NÚMERO DE CONTROL
campo de control 163921
003 - IDENTIFICADOR DE NÚMERO DE CONTROL
campo de control ES-MaACL
005 - FECHA Y HORA DE LA ÚLTIMA TRANSACCIÓN
campo de control 20231229063048.0
008 - DATOS DE LONGITUD FIJA--INFORMACIÓN GENERAL
campo de control de longitud fija 050722s1898 sp | |||||||| ||spa d
040 ## - FUENTE DE CATALOGACIÓN
Centro catalogador/agencia de origen CAM
Lengua de catalogación spa
Centro/agencia transcriptor CAM
100 1# - ENTRADA PRINCIPAL--NOMBRE DE PERSONA
Nombre de persona Romea, Julián,
Fechas asociadas al nombre 1813-1868
9 (RLIN) 99280
245 13 - MENCIÓN DEL TÍTULO
Título El Señor Joaquín
Resto del título : comedia lírica en un acto y tres cuadros, en prosa /
Mención de responsabilidad, etc. original de Julián Romea ; música del maestro Manuel Fernández Caballero.
260 ## - PUBLICACIÓN, DISTRIBUCIÓN, ETC.
Lugar de publicación, distribución, etc. Madrid :
Nombre del editor, distribuidor, etc. [Administración Lírico-Dramática],
Fecha de publicación, distribución, etc. 1898 (
Fabricante R. Velasco)
300 ## - DESCRIPCIÓN FÍSICA
Extensión 47 p. ;
Dimensiones 19 cm.
500 ## - NOTA GENERAL
Nota general Representada en el Teatro de la Zarzuela de Madrid la noche del 18 de febrero de 1898.
500 ## - NOTA GENERAL
Nota general Solo la letra.
598 ## - NOTA LOCAL
Nota local Dato de serie consta en la cub.
700 1# - ENTRADA AGREGADA--NOMBRE PERSONAL
Nombre de persona Fernández Caballero, Manuel.
9 (RLIN) 49531
852 ## - LOCALIZACIÓN
Ubicación ES-MaACL
Número de control de estantería D-2525(10)
Nota libre -- Enc. hol., conservando la cub. original
-- -- Legado de Modesto de La Fuente
Holdings
Estatus retirado Estado de pérdida Estado de daño No para préstamo Colección Biblioteca de origen Biblioteca actual Ubicación en estantería Fecha de adquisición Fuente de adquisición Total de préstamos Signatura topográfica completa Código de barras Visto por última vez Precio de reemplazo Tipo de ítem Koha
        Libros del s. XIX Biblioteca del Ateneo de Madrid Biblioteca del Ateneo de Madrid Sala Valle Inclán 17/01/2008     D-2525(10) 901171794 23/02/2023 23/02/2023 Libro impreso antiguo